| 000 | 01390cam a22003494a 4500 | ||
|---|---|---|---|
| 001 | 14347871 | ||
| 005 | 20081119093258.0 | ||
| 008 | 060420s2007 njua b 001 0 eng | ||
| 010 | _a2006013363 | ||
| 015 |
_aGBA694147 _2bnb |
||
| 016 | 7 |
_a013595871 _2Uk |
|
| 020 | _a0471691623 (cloth) | ||
| 020 | _a9780471691624 (cloth) | ||
| 035 | _a(OCoLC)ocm67840166 | ||
| 035 |
_a(OCoLC)67840166 _z(OCoLC)75713441 _z(OCoLC)85037615 |
||
| 040 |
_aDLC _cDLC _dBAKER _dBTCTA _dUKM _dC#P _dYDX _dYDXCP _dIXA _dOCLCQ _dDLC |
||
| 042 | _apcc | ||
| 050 | 0 | 0 |
_aTG315 _b.V36 2007 |
| 082 | 0 | 0 |
_a624.20288 _222 _bYAN |
| 100 | 1 |
_aYanev, Bojidar. _93315 |
|
| 245 | 1 | 0 |
_aBridge Management / _cBojidar Yanev. |
| 260 |
_aHoboken, N.J. : _bWiley, _cc2007. |
||
| 300 |
_axv, 656 p. : _bill. ; _c25 cm. |
||
| 504 | _aIncludes bibliographical references (p. 511-531) and index. | ||
| 650 | 0 |
_aBridges _xMaintenance and repair. _93316 |
|
| 650 | 0 |
_aBridge failures _xPrevention. _93317 |
|
| 650 | 0 |
_aBridges _xInspection. _93318 |
|
| 856 | 4 | 1 |
_3Table of contents only _uhttp://www.loc.gov/catdir/toc/ecip0612/2006013363.html |
| 942 |
_2ddc _cBB |
||
| 999 |
_c11219 _d11219 |
||